000 00557nam a2200193Ia 4500
003 GCL
008 140319s9999 xx 000 0 ara d
040 _aGCL /
_cGCL
082 0 4 _a301
_bع ع
100 1 _aعبدالحميد لطفى (تحقيق)
245 1 0 _aعلم الاجتماع /
_cعبدالحميد لطفى (تحقيق)
700 1 _aعبدالحميد لطفى
300 _a381 ص
490 _a
650 0 4 _aالتفكير
650 0 4 _aالاجتماع، علم
650 0 4 _aالاجتماع، علم - تاريخ
942 _2ddc
_cBK
999 _c45872
_d45872